000 00514nam a2200205Ia 4500
003 0100
008 130303s9999 xx 000 0 und d
040 _cARRUPELIB
050 _aJC571.P577 2002
100 _aPogge, Thomas Winfried
245 _aWorld poverty and human rights
245 _bcosmopolitan responsibilities and reforms
260 _aCambridge
260 _bPolity Press
260 _C2002
300 _avii
300 _b 284p. 26cm.
650 _bPhilosophy, Ancient
942 _2lcc
_08
999 _c63825
_d63825